000 00648nam a2200241Ia 4500
001 41934
005 20240114003443.0
007 ta
008 080602s2006 g b000 u 903 u
020 _cPB
040 _aCotton College Assam
041 _a903
082 _a540
_bSh 74 Co
100 _aSharma, Y R .
245 0 _aCollege Chemistry: For T D C- Part 11 /
_cY R Sharma K D Sharma And S Baruah.
_hTextual Documents
250 _a4th rev enlg ed /
260 _aNew Delhi :
_bKalyani Publisher ,
_c2006.
300 _a228pg ;
_c24cm.
653 _aChemistry
942 _2ddc
_cBK
999 _c41900
_d41900